Italy's divided memory

Αποθηκεύτηκε σε:
Λεπτομέρειες βιβλιογραφικής εγγραφής
Κύριος συγγραφέας: Foot, John, 1964-
Μορφή: Βιβλίο
Γλώσσα:English
Δημοσίευση: New York, NY : Palgrave Macmillan, 2009.
Σειρά:Italian and Italian American studies (Palgrave Macmillan (Firm))
Θέματα:
Ετικέτες: Προσθήκη ετικέτας
Δεν υπάρχουν, Καταχωρήστε ετικέτα πρώτοι!

MARC

LEADER 00000cam a2200000 a 4500
001 1/116181
008 180320s2009####nyu| ||| |||| ||eng||
020 |a 9780230120495  
040 |a GR-MyUa  |b gre  |c GR-MyUa  |e AACR2 
041 0 |a eng 
082 7 |a 945.091   |2 (23) 
100 1 |a Foot, John,   |d 1964- 
245 1 0 |a Italy's divided memory /   |c John Foot.  
260 |a New York, NY :   |b Palgrave Macmillan,   |c 2009.  
300 |a x, 262 σ. ;   |c 22 εκ.  
490 1 |a (Italian and Italian American studies) 
504 |a Περιλαμβάνει βιβλιογραφία (σ. [225]-249) και ευρετήριο.  
505 8 |a Divided memory : theory, methodology, practice -- World War I : monument wars, unknown soldiers, and open-air cemetries -- Fascist memories, memories of fascism -- Italian wartime camps, Italians in wartime camps : traces, memories, silences, 1940-2008 -- 1940-1943 : victory, occupation, defeat, collapse, memory -- Nazi massacres and divided memory : stories, causes, scapegoats, memoryscapes -- The resistance : three wars, many memories, many silences -- The strategy of tension and terrorism : Piazza Fontana and "the Moro case" -- Conclusion: End of the voyage : facts, memory, history. 
650 0 |a Collective memory  |z Italy. 
650 0 |a Memory  |x Social aspects  |z Italy. 
650 0 |a World War, 1914-1918  |x Social aspects  |z Italy. 
650 0 |a World War, 1939-1945  |x Social aspects  |z Italy. 
650 0 |a Political culture  |z Italy. 
651 0 |a Italy  |x History  |y 1914-1945. 
651 0 |a Italy  |x History  |z 1945- 
830 0 |a Italian and Italian American studies (Palgrave Macmillan (Firm)) 
852 |a INST  |b LESVOS  |e 20180320  |h 945.091 FOO  |p 005100060120  |q 005100060120  |t BK  |y 0 
970 |a Τζαφέρη  |b Ευαγγελία  |z 20-03-2018